Skip to main content
Your cart is empty.
Your lists
Log in to create your own lists
Your cookies
العربية
English
العربية
Home
Search
Advanced search
Authority search
About
The noble scholar, jurist, historian
His Excellency Dr. Abdul Wahhab bin Ibrahim Abu Sulaiman, may Allah have mercy on him.
He was born in Umm Al-Qura in the year 1356 AH.
Library catalog
Title
Author
Subject
ISBN
ISSN
Series
Call number
Log in to your account
×
Login:
Password:
Home
MARC view: إمتاع السامر بتكملة متعة الناظر /
Normal view
MARC view
ISBD view
إمتاع السامر بتكملة متعة الناظر / (Record no. 11848)
[
view plain
]
MARC details
000 -LEADER
fixed length control field
02143cam a2200385 i 4500
003 - CONTROL NUMBER IDENTIFIER
control field
SA-RiAUC
005 - DATE AND TIME OF LATEST TRANSACTION
control field
20250917122856.0
008 - FIXED-LENGTH DATA ELEMENTS--GENERAL INFORMATION
fixed length control field
250916s1998 su g b f010 0dara c
020 ## - INTERNATIONAL STANDARD BOOK NUMBER
International Standard Book Number
9960693287
024 0# - OTHER STANDARD IDENTIFIER
Standard number or code
11000000004465
040 ## - CATALOGING SOURCE
Original cataloging agency
SA-JeALM
Language of cataloging
ara
Transcribing agency
SA-RiAUC
Description conventions
rda
043 ## - GEOGRAPHIC AREA CODE
Geographic area code
a-su---
050 #4 - LIBRARY OF CONGRESS CALL NUMBER
Item number
D39 1998
082 04 - DEWEY DECIMAL CLASSIFICATION NUMBER
Classification number
953.15
Assigning agency
SA-RiAUC
090 ## - LOCALLY ASSIGNED LC-TYPE CALL NUMBER (OCLC); LOCAL CALL NUMBER (RLIN)
Classification number (OCLC) (R) ; Classification number, CALL (RLIN) (NR)
953.15
Local cutter number (OCLC) ; Book number/undivided call number, CALL (RLIN)
د و س
100 1# - MAIN ENTRY--PERSONAL NAME
Personal name
الدوسري، شعيب بن عبد الحميد بن سالم
Relator term
مؤلف.
245 10 - TITLE STATEMENT
Title
إمتاع السامر بتكملة متعة الناظر /
Remainder of title
يليه ثلاثة ملاحق لأبي عبدالرحمن بن عقيل
Statement of responsibility, etc.
تأليف شعيب بن عبد الحميد بن سالم الدوسري ؛ قدم له وعلق عليه محمد بن عبد الله الحميد، عبد الرحمن بن سليمان الرويشد.
264 #1 - PRODUCTION, PUBLICATION, DISTRIBUTION, MANUFACTURE, AND COPYRIGHT NOTICE
Place of production, publication, distribution, manufacture
الرياض :
Name of producer, publisher, distributor, manufacturer
دارة الملك عبد العزيز،
Date of production, publication, distribution, manufacture, or copyright notice
1998
300 ## - PHYSICAL DESCRIPTION
Extent
543 صفحة ؛
Dimensions
24 سم.
336 ## - CONTENT TYPE
Content type term
نص
Content type code
txt
Source
rdacontent
Materials specified
كتاب
337 ## - MEDIA TYPE
Media type term
بدون وسيط
Media type code
n
Source
rdamedia
490 1# - SERIES STATEMENT
Series statement
مطبوعات دارة الملك عبد العزيز.
--
المجموعة السعودية
504 ## - BIBLIOGRAPHY, ETC. NOTE
Bibliography, etc. note
يشتمل على إرجاعات ببليوجرافية.
505 0# - FORMATTED CONTENTS NOTE
Formatted contents note
المحتويات : خرافات إمتاع السامر-شعيب المفترى عليه-بلادنا والتاريخ المصنوع.
651 #7 - SUBJECT ADDED ENTRY--GEOGRAPHIC NAME
Geographic name
عسير (السعودية)
General subdivision
تاريخ
Source of heading or term
aucsh
651 #7 - SUBJECT ADDED ENTRY--GEOGRAPHIC NAME
Geographic name
عسير (السعودية)
Form subdivision
تراجم
Source of heading or term
aucsh
651 #7 - SUBJECT ADDED ENTRY--GEOGRAPHIC NAME
Geographic name
السعودية
General subdivision
تاريخ
Source of heading or term
aucsh
651 #7 - SUBJECT ADDED ENTRY--GEOGRAPHIC NAME
Geographic name
السعودية
Form subdivision
تراجم
Source of heading or term
aucsh
700 1# - ADDED ENTRY--PERSONAL NAME
Personal name
الحميد، محمد عبد الله،
Dates associated with a name
1354 هجري-
Relator term
مقدم.
700 1# - ADDED ENTRY--PERSONAL NAME
Personal name
الرويشد، عبد الرحمن بن سليمان بن عبد الرحمن،
Dates associated with a name
1347 هجري-
Relator term
مقدم.
700 12 - ADDED ENTRY--PERSONAL NAME
Personal name
الدوسري، شعيب عبد الحميد بن سالم
Relationship information
تكملة بـ (عمل) :
Title of a work
متعة الناظر ومسرح الخاطر.
830 #0 - SERIES ADDED ENTRY--UNIFORM TITLE
Uniform title
إصدارات الدارة.
Name of part/section of a work
المجموعة السعودية
942 ## - ADDED ENTRY ELEMENTS (KOHA)
Source of classification or shelving scheme
Dewey Decimal Classification
Koha item type
Books
Suppress in OPAC
No
949 ## - LOCAL PROCESSING INFORMATION (OCLC)
a
SA-JeALM
d
250916
u
osman123
n
1
Holdings
Withdrawn status
Lost status
Source of classification or shelving scheme
Damaged status
Not for loan
Home library
Current library
Date acquired
Total checkouts
Full call number
Barcode
Date last seen
Price effective from
Koha item type
Dewey Decimal Classification
DR AbdElwahab Library
DR AbdElwahab Library
09/17/2025
953.15 د و س
000019081
09/17/2025
09/17/2025
Books
Place hold
Print
Add to your cart
(remove)
Save record
BIBTEX
Dublin Core
MARCXML
MARC (non-Unicode/MARC-8)
MARC (Unicode/UTF-8)
MARC (Unicode/UTF-8, Standard)
MODS (XML)
RIS
ISBD
More searches
Search for this title in:
Other Libraries (WorldCat)
Other Databases (Google Scholar)
Online Stores (Bookfinder.com)
Open Library (openlibrary.org)
Exporting to Dublin Core...
×
Simple DC-RDF
OAI-DC
SRW-DC